000 00444nam a22001817a 4500
003 MPLRDC
005 20220104124613.0
008 210129b ||||| |||| 00| 0 eng d
020 _a983-813-045-1
082 _a859.6 SJET v.1
100 _a不详
245 _a渴睡
_c
260 _a
_b贝儿出版有限公司
_c
300 _b
490 _a世界儿童短篇小说选
650 _a儿童短篇小说
942 _cBK
_o859.6 SJET v.1
999 _c20661
_d20651